| 000 | 02005nam1a2200397 i 4500 | ||
|---|---|---|---|
| 001 | RU\NLR\bibl\47321 | ||
| 005 | 20241213052001.0 | ||
| 010 |
_a5-7038-1414-6 _9250 |
||
| 035 | _a(NLR Aleph) 000046162 | ||
| 090 |
_a244669 _c244669 |
||
| 100 | _a19990915d1999 k y0rusy50 ca | ||
| 101 | 0 |
_arus _dukr _deng |
|
| 102 | _aRU | ||
| 105 | _a||||z ||||| | ||
| 200 | 1 |
_aПередовые термические технологии и материалы _dПередовi термiчнi технологii та матерiали _dAdvanced thermal technologies and materials _eТр. междунар. симп., 22-26 сент. 1997 г., пос. Кацивели, Крым, Украина _f[Редкол.: С.В. Резник (отв. ред.) и др.] |
|
| 210 |
_aМ. _cИзд-во МГТУ _d1999 |
||
| 215 | _d21 | ||
| 300 | _aТекст на рус. и англ. яз. | ||
| 300 | _aРез. на укр. и англ. яз. | ||
| 320 | _aБиблиогр. в конце докл. | ||
| 463 | 0 | _100146645 | |
| 463 | 0 | _100146661 | |
| 510 | 0 |
_aПередовi термiчнi технологii та матерiали _zukr |
|
| 510 | 1 |
_aAdvanced thermal technologies and materials _zeng |
|
| 606 | 0 |
_aТермическая обработка материалов _jСъезды, совещания и т.п. _91322568 _3RU\NLR\auth\66549444 |
|
| 606 | 0 |
_aМатериалы _jСъезды, совещания и т.п. _xТермическая обработка _92110557 _3RU\NLR\auth\661275557 |
|
| 606 | 0 |
_aТеплоизоляционные материалы _jСъезды, совещания и т.п. _9955169 _3RU\NLR\auth\6636881 |
|
| 686 | _aЖ676я431 | ||
| 686 | _aЖ371я431 | ||
| 702 | 1 |
_4340 _7ca _8rus _aРезник _bС. В. _cд-р техн. наук _f1947- _gСергей Васильевич _9163656 _3RU\NLR\AUTH\770163700 |
|
| 801 | 0 |
_aRU _bNLR _c19990915 _gPSBO |
|
| 801 | 1 |
_aRU _bNLR _c19990915 |
|
| 852 |
_aNLR _j99-3/10344 |
||
| 942 | _cBOOK | ||